Logo CIB grande

VOLVAMOS AL CAMPO: PROCESOS INDUSTRIALES EN FRUTAS Y HORTALIZAS V.3-1 (Registro nro. 223491)

Detalles MARC
000 -LEADER
campo de control de longitud fija 01000nam a2200289Ia 4500
005 - FECHA Y HORA DE LA ÚLTIMA TRANSACCIÓN
campo de control 20250425162145.0
008 - DATOS DE LONGITUD FIJA--INFORMACIÓN GENERAL
campo de control de longitud fija 250425s9999 xx 000 0 und d
020 ## - NÚMERO INTERNACIONAL ESTÁNDAR DEL LIBRO
Número Internacional Estándar del Libro 9588203031
041 ## - CÓDIGO DE IDIOMA
Código de lengua del texto/banda sonora o título independiente spa
082 ## - NÚMERO DE LA CLASIFICACIÓN DECIMAL DEWEY
Número de clasificación 630
010 ## - NÚMERO DE CONTROL DE LA BIBLIOTECA DEL CONGRESO
Número de control de LC 53656
100 ## - ENTRADA PRINCIPAL--NOMBRE DE PERSONA
Nombre de persona OSORIO DIAZ, DORIS LILIANA
245 #0 - MENCIÓN DEL TÍTULO
Título VOLVAMOS AL CAMPO: PROCESOS INDUSTRIALES EN FRUTAS Y HORTALIZAS V.3-1
250 ## - MENCION DE EDICION
Mención de edición 1A ED.
260 ## - PUBLICACIÓN, DISTRIBUCIÓN, ETC.
Lugar de publicación, distribución, etc. Colombia
Nombre del editor, distribuidor, etc. GRUPO LATINO
Fecha de publicación, distribución, etc. 2003
260 ## - PUBLICACIÓN, DISTRIBUCIÓN, ETC.
Lugar de publicación, distribución, etc. S.L.
300 ## - DESCRIPCIÓN FÍSICA
Extensión 69
500 ## - NOTA GENERAL
Nota general EN CIBGZ-FIMCP 50408 V.3-1 PARA ING. AGROPECUARIA.- MHP.
520 ## - RESUMEN, ETC.
Sumario, etc. TRATA SOBRE LA INFORMACION TECNICA PARA REALIZAR TODOS LOS PROCESOS INDUSTRIALES EN FRUTAS Y VERDURAS DE UNA MANERA RENTABLE. LAS FRUTAS Y HORTALIZAS REPRESENTAN UNA FUENTE IMPORTANTE DE LAS VITAMINAS LAS MAS IMPORTANTES LA A Y LA C. lAS FRUTAS Y HORTALIZ
650 ## - PUNTO DE ACCESO ADICIONAL DE MATERIA--TÉRMINO DE MATERIA
Término de materia o nombre geográfico como elemento de entrada ADITIVOS
650 ## - PUNTO DE ACCESO ADICIONAL DE MATERIA--TÉRMINO DE MATERIA
Término de materia o nombre geográfico como elemento de entrada DESHIDRATACION
650 ## - PUNTO DE ACCESO ADICIONAL DE MATERIA--TÉRMINO DE MATERIA
Término de materia o nombre geográfico como elemento de entrada FRUTAS
650 ## - PUNTO DE ACCESO ADICIONAL DE MATERIA--TÉRMINO DE MATERIA
Término de materia o nombre geográfico como elemento de entrada HORTALIZAS
650 ## - PUNTO DE ACCESO ADICIONAL DE MATERIA--TÉRMINO DE MATERIA
Término de materia o nombre geográfico como elemento de entrada MERMELADAS
650 ## - PUNTO DE ACCESO ADICIONAL DE MATERIA--TÉRMINO DE MATERIA
Término de materia o nombre geográfico como elemento de entrada PROCESOS INDUSTRIALES
942 ## - ELEMENTOS DE ENTRADA SECUNDARIOS (KOHA)
Tipo de ítem Koha Libros
Existencias
Estatus retirado Estado de pérdida Estado de daño No para préstamo Biblioteca de origen Biblioteca actual Fecha de adquisición Coste, precio normal de compra Total de préstamos Código de barras Copia número
        FACULTAD DE INGENIERIA MECANICA Y CIENCIAS DE LA PRODUCCION FACULTAD DE INGENIERIA MECANICA Y CIENCIAS DE LA PRODUCCION 01/02/2005 5.00   50408 1

Copyright 2025 ESPOL. Todos los derechos reservados.